000 00871nam a2200253 i 4500
001 183596
003 ES-MaACL
005 20250823063129.0
008 140725s1997 sp | |||| |dspa d
020 _a84-87259-93-6
080 _a821.134.2-43"19"
100 1 _aSánchez Rivero, Ángel,
_d1888-1930
_9155101
245 1 0 _aPapeles póstumos
_b: fragmentos de un diario disperso (1925-1930) /
_cÁngel Sánchez Rivero ; edición y prólogo, Manuel Neila.
250 _a1ª ed.
260 _aGijón :
_bLlibros del Pexe,
_c1997.
300 _a146 p. ;
_c21 cm.
490 1 _aSui géneris ;
_v4
504 _aBibliografía: p. [19]-23.
700 1 _aNeila, Manuel,
_d1950-
_985334
830 0 _aSui géneris ;
_v4
_9192011
852 _aES-MaACL
_jA-13197
_9190538
_bR.150163
_cDEPO1
_dOlim: N-6197
942 _2udc
_cMONOGRAFIA
999 _c183596
_d183596